Descentralización y gobernabilidad en tiempos de globalización / (Record no. 2393)

000 -CABECERA
fixed length control field 01261nam a22002657a 4500
003 - IDENTIFICADOR DEL NÚMERO DE CONTROL
control field AR-CdUCM
008 - DATOS DE LONGITUD FIJA--INFORMACIÓN GENERAL
fixed length control field 190304b ||||| |||| 00| 0 spa d
020 ## - NÚMERO INTERNACIONAL ESTÁNDAR DEL LIBRO
ISBN 9972-51026-3
040 ## - FUENTE DE LA CATALOGACIÓN
Agencia/entidad que catalogó originalmente la obra MUNICIPALIDAD PROVINCIAL DEL CUSCO
Entidad que transcribió la catalogación BIBLIOTECA MUNICIPAL DEL CUSCO
082 ## - NÚMERO DE LA CLASIFICACIÓN DECIMAL DEWEY
No. de Clasificación 351.0073 /
Notacion interna D
245 ## - MENCIÓN DE TÍTULO
Título Descentralización y gobernabilidad en tiempos de globalización /
260 ## - PUBLICACIÓN, DISTRIBUCIÓN, ETC.
Lugar de publicación, distribución, etc. Piura :
Nombre de la editorial, distribuidor, etc. IEP,
Fecha de publicación, distribución, etc. 1998.
300 ## - DESCRIPCIÓN FÍSICA
Nº de Páginas Extensión 252 páginas ;
Otros detalles físicos Cuadros.
Dimensiones 20.5 cm.
440 ## - MENCIÓN DE SERIE/PUNTO DE ACCESO ADICIONAL--TÍTULO
Título Ideología y política
Número de la parte/sección de una obra 10
9 (RLIN) 8591
505 ## - NOTA DE CONTENIDO CON FORMATO
Nota de contenido formateada Contenido: La reforma del Estado y el problema de la conducción política -- Avances y retrocesos de la descentralización territorial y política en Colombia, Bolivia y Perú -- La descentralización en la Argentina: una reforma trunca -- La descentralización en el Perú: entre la fortaleza del centro y la debilidad de la periferia -- Globalización y descentralización vistas desde una ONG de provincia ...
650 ## - PUNTO DE ACCESO ADICIONAL DE MATERIA--TÉRMINO DE MATERIA
Descriptor Globalización
9 (RLIN) 8592
650 ## - PUNTO DE ACCESO ADICIONAL DE MATERIA--TÉRMINO DE MATERIA
Descriptor Historia social
9 (RLIN) 2972
650 ## - PUNTO DE ACCESO ADICIONAL DE MATERIA--TÉRMINO DE MATERIA
Descriptor Participación política
9 (RLIN) 7489
700 ## - PUNTO DE ACCESO ADICIONAL--NOMBRE DE PERSONA
Nombre Personal Revesz, Bruno (Editor)
9 (RLIN) 8593
700 ## - PUNTO DE ACCESO ADICIONAL--NOMBRE DE PERSONA
Nombre Personal Eguren, Fernando
9 (RLIN) 4402
700 ## - PUNTO DE ACCESO ADICIONAL--NOMBRE DE PERSONA
Nombre Personal Gonzales de Olarte, Efraín
9 (RLIN) 8594
700 ## - PUNTO DE ACCESO ADICIONAL--NOMBRE DE PERSONA
Nombre Personal Haour, Bernardo
9 (RLIN) 8595
942 ## - ELEMENTOS DE PUNTO DE ACCESO ADICIONAL (KOHA)
Fuente de clasificación
Tipo de item Libros-BMC
945 ## - PROCESAMIENTO DE INFORMACIÓN LOCAL (OCLC)
Catalogador afb
Holdings
Estado de retiro (separado) Fuente de clasificación o esquema de estanterías Estado dañado Ubicación Sala donde se ubica Nombre de la colección Fecha de adquisición o compra Costo, precio normal en soles Signatura topográfica Código de Barras Última vez visto (Koha) Tipo de ítem (Koha)
No     Sala Humanidades Sala Humanidades Book Cart 2019-03-04 21.00 351.0073 / R46 SH0000002168 2019-03-04 Libros-BMC

Powered by Koha